| 000 | 00914nam a2200253 a 4500 | ||
|---|---|---|---|
| 003 | DO-SdBNP | ||
| 005 | 20240925090240.0 | ||
| 007 | ta | ||
| 008 | 220516e2019 dr ||||er|||| 001 edspa d | ||
| 020 | _a9789945804614 | ||
| 040 |
_aDO-SdBNP _bspa _cBNPHU |
||
| 082 | 4 |
_axxxx _222 _bR173m |
|
| 100 | 1 |
_981181 _aRamírez Varela, Pedro Sergio, _d1951- |
|
| 245 | 1 | 0 |
_aMarketing en medios digitales y entornos virtuales. / _cSantiago Sepúlveda Solano; prólogo, Willian Peguero Mota |
| 260 |
_aLa Romana, República Dominicana : _b[s.n.], _c2019 |
||
| 300 |
_a179 p. ; _c20 cm. |
||
| 500 | _aIncluye datos biográficos del autor en la contracubierta. | ||
| 500 | _aIncluye glosario de términos. | ||
| 590 | _aInventariado 2022 / MF | ||
| 650 | 4 |
_935947 _aComunicación _xInnovaciones tecnológicas _zRepública Dominicana |
|
| 700 | 1 |
_981182 _aPeguero Mota, Willian _epról. |
|
| 910 | _aMFeliz | ||
| 942 |
_2ddc _cLBS1 |
||
| 999 |
_c51730 _d51730 |
||